Rating valuations - retail properties (Record no. 10123)
[ view plain ]
| 000 -LEADER | |
|---|---|
| fixed length control field | 00961cab a2200217 4500 |
| 001 - CONTROL NUMBER | |
| control field | ABS39250 |
| 008 - FIXED-LENGTH DATA ELEMENTS--GENERAL INFORMATION | |
| fixed length control field | 090401t1988 xxu||||| |||| 00| 0 eng d |
| 035 ## - SYSTEM CONTROL NUMBER | |
| System control number | (Sirsi) u15437 |
| 041 ## - LANGUAGE CODE | |
| Language code of text/sound track or separate title | eng |
| 100 ## - MAIN ENTRY--PERSONAL NAME | |
| Personal name | Plimmer, F. |
| 245 ## - TITLE STATEMENT | |
| Title | Rating valuations - retail properties |
| 260 ## - PUBLICATION, DISTRIBUTION, ETC. | |
| Date of publication, distribution, etc. | 1988 |
| 350 ## - PRICE (NR) (BK AM CF MU VM SE) [OBSOLETE] | |
| Price | 0 |
| 490 ## - SERIES STATEMENT | |
| Series statement | Rating and Valuation |
| Volume/sequential designation | May 1988, 141-143(3) |
| 520 ## - SUMMARY, ETC. | |
| Summary, etc. | Considers the valuation of retail properties, explaining how they will be valued for the 1990 non-domestic rating lists. Looks at the factors which will be considered, including zoning, ancillary accommodation, disability factors, quantity allowances, allowance for shape, return frontages and the use of an overall price per square metre for calculating retail valuations. Concludes with a checklist for the rating valuation of retail properties. |
| 650 ## - SUBJECT ADDED ENTRY--TOPICAL TERM | |
| Topical term or geographic name entry element | REVALUATION |
| 690 ## - LOCAL SUBJECT ADDED ENTRY--TOPICAL TERM (OCLC, RLIN) | |
| Topical term or geographic name as entry element | RATING AND VALUATION |
| 700 ## - ADDED ENTRY--PERSONAL NAME | |
| Personal name | Gronow, S. |
| 942 ## - ADDED ENTRY ELEMENTS (KOHA) | |
| Suppress in OPAC | 0 |
| 948 ## - LOCAL PROCESSING INFORMATION (OCLC); SERIES PART DESIGNATOR (RLIN) | |
| c (OCLC) | 04/03/1997 |
| Withdrawn status | Lost status | Source of classification or shelving scheme | Damaged status | Not for loan | Home library | Current library | Shelving location | Date acquired | Total Checkouts | Full call number | Barcode | Date last seen | Copy number | Price effective from | Koha item type |
|---|---|---|---|---|---|---|---|---|---|---|---|---|---|---|---|
| Dewey Decimal Classification | London | London | Journal article | 14/09/1999 | ABS39250 | 15437-1001 | 06/08/2019 | 1 | 06/08/2019 | Journal article |